000 00374nam a2200133Ia 4500
003 GCL
008 140319s9999 xx 000 0 ara d
040 _aGCL /
_cGCL
082 0 4 _a201
_b*ج د
245 1 0 _aالدين الطبيعى
260 _a[S.N] :
_bالمؤسسة الجامعية للدراسات والنشر والتوزيع ،
_c1993
300 _a152
490 _a
999 _c54965
_d54965